| 000 | 00501nam a22001697a 4500 | ||
|---|---|---|---|
| 003 | BD-DhUL | ||
| 005 | 20201222103317.0 | ||
| 008 | 181125s1332 ii ||||| |||| 00| 0 urd d | ||
| 040 |
_aBD-DhUL _cBD-DhUL |
||
| 082 |
_a891.431 _bAMS |
||
| 100 | 0 | _aامیر مینائی | |
| 245 | 1 | 0 |
_aصنمخانہ عشق / _cامیر مینائی |
| 260 |
_aحیدراباد دکن : _bامیر المطابع، _c۱۳۳۲۔ |
||
| 300 |
_aص۔ ۳۶۴ ؛ _c۲۷ سم۔ |
||
| 650 | 4 | _aUrdu poetry | |
| 942 |
_2ddc _cBK |
||
| 999 |
_c244776 _d244776 |
||